Countries in Asia by Land Area - Statistics

General Stats
  • This quiz has been taken 20 times
  • The average score is 34 of 48
Answer Stats
Area (sq. km) Country % Correct
9,596,961 China
100%
3,287,263 India
100%
1,904,569 Indonesia
100%
1,648,195 Iran
100%
2,724,900 Kazakhstan
100%
1,564,116 Mongolia
100%
2,149,690 Saudi Arabia
100%
676,578 Myanmar
94%
438,317 Iraq
89%
513,120 Thailand
89%
447,400 Uzbekistan
89%
652,230 Afghanistan
83%
377,915 Japan
83%
330,800 Malaysia
83%
309,500 Oman
83%
796,095 Pakistan
83%
783,562 Turkey
83%
488,100 Turkmenistan
83%
527,968 Yemen
83%
331,210 Vietnam
78%
300 Maldives
72%
300,000 Philippines
72%
778 Bahrain
67%
181,035 Cambodia
67%
199,951 Kyrgyzstan
67%
147,181 Nepal
67%
716 Singapore
67%
143,100 Tajikistan
67%
38,394 Bhutan
61%
20,770 Israel
61%
17,818 Kuwait
61%
236,800 Laos
61%
143,998 Bangladesh
56%
5,765 Brunei
56%
89,342 Jordan
56%
120,540 North Korea
56%
11,586 Qatar
56%
100,210 South Korea
56%
36,193 Taiwan
56%
83,600 United Arab Emirates
56%
29,743 Armenia
50%
86,600 Azerbaijan
50%
14,919 East Timor
50%
69,700 Georgia
50%
10,452 Lebanon
50%
65,610 Sri Lanka
50%
185,180 Syria
50%
9,251 Cyprus
39%
No matching quizzes found
Score Distribution
Percent of People with Each Score
Percentile by Number Answered
Your Score History
You have not taken this quiz